000
00332nam a22001457a 4500
999
_c
5417
_d
5415
005
20210907104054.0
008
170403b xxu||||| |||| 00| 0 eng d
041
_a
eng
100
_a
GHATAK,S
_9
6906
245
_a
WINNING AND WORKING VOL- I
250
_a
2nd
260
_b
COAL FIELDS PUBLISHER
_c
1995
300
_a
456
942
_c
BK